书目信息 |
| 题名: |
商法经济法的动与静
|
|
| 作者: | 王保树 著 | |
| 分册: | ||
| 出版信息: | 北京 法律出版社 2015 |
|
| 页数: | 399页 | |
| 开本: | 23cm | |
| 丛书名: | 清华法学文丛 | |
| 单 册: | ||
| 中图分类: | D923.990.4 | |
| 科图分类: | ||
| 主题词: | 商法--Shang Fa--研究--中国 , 经济法--Jing Ji Fa--研究--中国 | |
| 电子资源: | ||
| ISBN: | 978-7-5118-7425-2 | |
| 000 | 00958nam0 22002651 450 | |
| 001 | 0101082458 | |
| 005 | 20161201102627.25 | |
| 010 | @a978-7-5118-7425-2@dCNY75.00 | |
| 100 | @a20151112d2015 em y0chiy50 ea | |
| 101 | 0 | @achi |
| 102 | @aCN@b110000 | |
| 105 | @aa z 000yy | |
| 106 | @ar | |
| 200 | 1 | @a商法经济法的动与静@AShang Fa Jing Ji Fa De Dong Yu Jing@f王保树著 |
| 210 | @a北京@c法律出版社@d2015 | |
| 215 | @a399页@c彩照@d23cm | |
| 225 | 2 | @a清华法学文丛@AQing Hua Fa Xue Wen Cong |
| 330 | @a本书收录了《商事通则:超越民商合一与民商分立》、《关于民法、商法、经济法定位与功能的研究方法》、《商法30年:走向现代化的探索历程》、《商法思维是商法的核心》等文章。 | |
| 461 | 0 | @12001 @a清华法学文丛 |
| 606 | 0 | @a商法@AShang Fa@x研究@y中国 |
| 606 | 0 | @a经济法@AJing Ji Fa@x研究@y中国 |
| 690 | @aD923.990.4@v5 | |
| 701 | 0 | @a王保树@AWang Bao Shu@f(1941~2015)@4著 |
| 801 | 0 | @aCN@bTANGWEI@c20161128 |
| 905 | @b0951767-71@dD923.990.4@e1514@f5 | |
| 商法经济法的动与静/王保树著.-北京:法律出版社,2015 |
| 399页:彩照;23cm.-(清华法学文丛) |
| ISBN 978-7-5118-7425-2:CNY75.00 |
| 本书收录了《商事通则:超越民商合一与民商分立》、《关于民法、商法、经济法定位与功能的研究方法》、《商法30年:走向现代化的探索历程》、《商法思维是商法的核心》等文章。 |
| ● |
| 相关链接 |
|
|
|
|
正题名:商法经济法的动与静
索取号:D923.990.4/1514
 
预约/预借
| 序号 | 登录号 | 条形码 | 馆藏地/架位号 | 状态 | 备注 |
| 1 | 0951767 | 209517673 | 第一样本阅览室/ [索取号:D923.990.4/1514] | 在馆 | |
| 2 | 0951768 | 209517682 | 第一借阅区/ [索取号:D923.990.4/1514] | 在馆 | |
| 3 | 0951769 | 209517691 | 第一借阅区/ [索取号:D923.990.4/1514] | 在馆 | |
| 4 | 0951770 | 209517708 | 史法系资料室/ [索取号:D923.990.4/1514] | 在馆 | |
| 5 | 0951771 | 209517717 | 第一借阅区/ [索取号:D923.990.4/1514] | 在馆 |